[Event "FICGS rapid A 000034 email"]
[Site "FICGS email"]
[Date "2007.12.21"]
[Round "1"]
[White "Wells, Simon"]
[Black "Colucci, John"]
[Result "0-1"]
[WhiteElo "1800"]
[BlackElo "1800"]
[PlyCount "26"]
[EventDate "2007.??.??"]
[EventType "tourn (rapid)"]
[EventRounds "6"]
[SourceTitle "Corr 2022"]
[Source "ChessBase"]
[SourceDate "2021.10.24"]
[SourceVersion "1"]
[SourceVersionDate "2021.10.24"]
[SourceQuality "1"]

1. d4 d6 2. e4 Nf6 3. Nc3 g6 4. Bg5 h6 5. Be3 a6 6. f3 Nbd7 7. Qd2 b5 8. 0-0-0 Bb7 9. Nge2 b4 10. Na4 a5 11. d5 c5 12. b3 Nb6 13. Nxb6 Qxb6 0-1